| 000 | 00618nam a2200181 a 4500 | ||
|---|---|---|---|
| 005 | 20240221063716.0 | ||
| 008 | 991125s1955 mx 000 0 spa u | ||
| 035 | _aUPN01000007813 | ||
| 049 | _aSEP | ||
| 050 | 4 |
_aLC5309 U55 _bC5201-2 |
|
| 100 | 1 |
_aHermoso Nájera, Salvador _928758 |
|
| 245 | 1 | 0 |
_aCiencias de la educación : _blecciones del 2o. año profesional : 1a. y 2a. / _cSalvador Hermoso Nájera. |
| 260 |
_aMéxico : _bSEP, Instituto Federal de Capacitación del Magisterio, _c[1955?]. |
||
| 300 | _a34 p. | ||
| 650 | 4 |
_aEducación a distancia _97924 |
|
| 650 | 4 |
_aTecnología educativa _94978 |
|
| 905 | _aLibro | ||
| 999 |
_c7813 _d7813 |
||